| 000 | 00565nam a2200193 a 4500 | ||
|---|---|---|---|
| 005 | 20140310183155.0 | ||
| 008 | 970101s19uu xx 00 eng d | ||
| 020 | _a0256023883 | ||
| 050 |
_aQA 76.73 _b.M478 1981 |
||
| 100 | _aMcGrath, Roger R. Jr. | ||
| 245 |
_aEssentials of cobol programming / _cRoger R. McGrath, Jr., Ralph M. Stair, Jr. |
||
| 260 |
_aIllinois : _bRichard D. Irwin, Inc, _c1981. |
||
| 300 |
_a82 p. : _c24 cm. |
||
| 521 | _aIT | ||
| 650 | _aComputer Programming | ||
| 650 | _aCobol Programming | ||
| 942 |
_cBK _2lcc _kFOR |
||
| 999 |
_c19742 _d19742 |
||